[Event "Titled Tue 17th Jun Late"]
[Site "chess.com INT"]
[Date "2025.06.17"]
[Round "2"]
[White "Papasimakopoulos, Alexandros"]
[Black "Zlatin, Alexander"]
[Result "1-0"]
[WhiteTitle "IM"]
[BlackTitle "FM"]
[WhiteElo "2366"]
[BlackElo "2313"]
[WhiteFideId "4244125"]
[BlackFideId "2810549"]
[EventDate "2025.06.17"]

1. d4 Nf6 2. c4 b6 3. f3 g6 4. e4 d6 5. Nc3 Bg7 6. Be2 O-O 7. Be3 e5 8. d5 a5 9.
g4 Nfd7 10. h4 f5 11. gxf5 gxf5 12. exf5 Nc5 13. Bg5 Qe8 14. f6 Bxf6 15. Bxf6
Rxf6 16. Qd2 Bf5 17. Qg5+ Qg6 18. Nh3 h6 19. Qxg6+ Rxg6 20. Nf2 Nbd7 21. Ng4 Nf6
22. h5 Nxg4 23. hxg6 Ne3 24. Kf2 Nc2 25. Rag1 Kg7 26. b3 Nd4 27. Rh4 Rf8 28.
Rgh1 e4 29. Rxh6 exf3 30. Bf1 Bxg6 31. R6h4 Nf5 32. Rg4 Kf6 33. Rf4 Kg5 34. Rxf3
Bh5 35. Rg1+ Kh6 36. Rf4 Nd7 37. Be2 Bxe2 38. Nxe2 Ne5 39. Rd1 Ng6 40. Rf3 Ngh4
41. Rh1 Kg5 42. Rf4 Re8 43. Rg1+ Kh5 44. Ng3+ Nxg3 45. Rxg3 Ng6 46. Rf5+ Kh4 47.
Rxg6 Re1 48. Kxe1 a4 49. Rf1 Kh5 50. Rg8 Kh6 51. Rh1# 1-0

[Event "Titled Tue 17th Jun Late"]
[Site "chess.com INT"]
[Date "2025.06.17"]
[Round "2"]
[White "Shafer, Logan C"]
[Black "Bokros, Albert"]
[Result "1-0"]
[WhiteTitle "CM"]
[BlackTitle "IM"]
[WhiteElo "2217"]
[BlackElo "2382"]
[WhiteFideId "30993342"]
[BlackFideId "710458"]
[EventDate "2025.06.17"]

1. e4 c5 2. Nf3 Nc6 3. Bb5 e6 4. O-O Nge7 5. Re1 Ng6 6. c3 Be7 7. d4 cxd4 8.
cxd4 d5 9. e5 O-O 10. Nc3 Bd7 11. g3 Be8 12. h4 f6 13. h5 Nh8 14. h6 fxe5 15.
hxg7 Kxg7 16. Bxc6 bxc6 17. Nxe5 Ng6 18. Qh5 Nxe5 19. Bh6+ Kh8 20. Qxe5+ Bf6 21.
Qxe6 Bd7 22. Qd6 Rg8 23. Rad1 Rg6 24. Qf4 Bg4 25. Rd3 Qd7 26. Rde3 Rag8 27. Na4
Qb7 28. Re8 Qf7 29. Rxg8+ Rxg8 30. Nc5 Bh3 31. Nd3 Rg4 32. Ne5 Bxe5 33. Qxf7
Bxg3 1-0

[Event "Titled Tue 17th Jun Late"]
[Site "chess.com INT"]
[Date "2025.06.17"]
[Round "2"]
[White "Pakleza, Zbigniew"]
[Black "Garzon Zapatanga, Christopher Leonel"]
[Result "1-0"]
[WhiteTitle "GM"]
[BlackTitle "FM"]
[WhiteElo "2484"]
[BlackElo "2155"]
[WhiteFideId "1119290"]
[BlackFideId "3634787"]
[EventDate "2025.06.17"]

1. d4 Nf6 2. Nf3 g6 3. Bf4 Bg7 4. e3 O-O 5. Be2 d6 6. h3 b6 7. O-O Bb7 8. a4 a5
9. c3 Nbd7 10. Bh2 Re8 11. Na3 e5 12. Qb3 Ne4 13. Bc4 Qe7 14. Bd5 Bxd5 15. Qxd5
Ndf6 16. Qc6 Qd7 17. Qc4 exd4 18. cxd4 g5 19. Rac1 Re7 20. Qc6 Qd8 21. Nb5 Rc8
22. Rc2 g4 23. hxg4 Nxg4 24. Bf4 Bf6 25. Qd5 Qd7 26. Na7 Rce8 27. Nc6 Re6 28.
Qf5 h5 29. Qxh5 Ngxf2 30. Rfxf2 Nxf2 31. Kxf2 Bg7 32. Qg4 Rf8 33. Ng5 f5 34. Qf3
Rg6 35. Qd5+ Kh8 36. Rc1 Bh6 37. Rh1 Kg7 38. Nh3 1-0

[Event "Titled Tue 17th Jun Late"]
[Site "chess.com INT"]
[Date "2025.06.17"]
[Round "2"]
[White "Haug, Havard"]
[Black "Nayak, Rajesh"]
[Result "1-0"]
[WhiteTitle "FM"]
[BlackTitle "FM"]
[WhiteElo "2354"]
[BlackElo "2262"]
[WhiteFideId "1547887"]
[BlackFideId "35017152"]
[EventDate "2025.06.17"]

1. e4 c5 2. c3 d5 3. exd5 Qxd5 4. d4 Nf6 5. Nf3 Bg4 6. dxc5 Qxc5 7. Be3 Qc7 8.
Nbd2 e6 9. h3 Bh5 10. Be2 Be7 11. O-O O-O 12. Nd4 Bxe2 13. Qxe2 a6 14. Rad1 Nbd7
15. N2f3 Rfe8 16. Rfe1 Rad8 17. g3 Nd5 18. Kg2 Nxe3+ 19. Qxe3 Bc5 20. Qe2 b5 21.
a4 e5 22. Nf5 e4 23. Nh2 Qb7 24. axb5 axb5 25. Nd6 Bxd6 26. Rxd6 Nf6 27. Rxd8
Rxd8 28. Ng4 e3+ 29. Qf3 Qxf3+ 30. Kxf3 Nxg4 31. hxg4 exf2 32. Kxf2 Rd2+ 33. Re2
Rxe2+ 34. Kxe2 Kf8 35. Ke3 Ke7 36. Kd4 Kd6 37. b4 g5 38. c4 bxc4 39. Kxc4 f5 40.
gxf5 h5 41. Kd4 h4 42. gxh4 gxh4 43. Ke4 h3 44. Kf3 Ke5 45. b5 1-0

[Event "Titled Tue 17th Jun Late"]
[Site "chess.com INT"]
[Date "2025.06.17"]
[Round "2"]
[White "Suarez, Pedro"]
[Black "Leiva, Gianmarco"]
[Result "0-1"]
[WhiteTitle "CM"]
[BlackTitle "IM"]
[WhiteElo "2066"]
[BlackElo "2387"]
[WhiteFideId "3007642"]
[BlackFideId "3804399"]
[EventDate "2025.06.17"]

1. d4 d5 2. c4 e6 3. Nc3 a6 4. cxd5 exd5 5. Bf4 c6 6. e3 Bd6 7. Bxd6 Qxd6 8. Nf3
Ne7 9. Be2 O-O 10. O-O Bf5 11. Ne5 Nd7 12. f4 f6 13. Nd3 Nc8 14. g4 Bxd3 15.
Qxd3 Qe7 16. Bf3 Nd6 17. Rae1 f5 18. gxf5 Nxf5 19. e4 dxe4 20. Bxe4 Qf6 21. d5
Nc5 22. Qc4 Qd4+ 23. Qxd4 Nxd4 24. dxc6 Nxc6 25. Bd5+ Kh8 26. Ne4 Nd3 27. Re3
Nxf4 28. Ref3 Nd4 29. Rxf4 Rxf4 30. Rxf4 Ne2+ 31. Kf2 Nxf4 32. Bxb7 Rb8 33. Nd6
Nd3+ 34. Ke3 Nxb2 35. Bxa6 Rb6 36. Nc4 Rxa6 0-1

[Event "Titled Tue 17th Jun Late"]
[Site "chess.com INT"]
[Date "2025.06.17"]
[Round "2"]
[White "Gustafsson, Jan"]
[Black "Logachiov, Aleksandr"]
[Result "1-0"]
[WhiteTitle "GM"]
[BlackTitle "CM"]
[WhiteElo "2591"]
[BlackElo "2129"]
[WhiteFideId "4625498"]
[BlackFideId "24123706"]
[EventDate "2025.06.17"]

1. Nf3 d5 2. e3 c6 3. c4 e6 4. b3 Nf6 5. Bb2 Bd6 6. Nc3 O-O 7. Be2 e5 8. cxd5
cxd5 9. Nb5 e4 10. Nfd4 Be7 11. Rc1 Na6 12. O-O Bd7 13. f3 Nb4 14. fxe4 dxe4 15.
a3 Nc6 16. Nf5 Bxf5 17. Rxf5 a6 18. Nd4 Nxd4 19. Bxd4 Rc8 20. Rxc8 Qxc8 21. Qf1
Qc2 22. Bc3 Qxb3 23. g4 Qxa3 24. g5 Nd7 25. Bc4 Kh8 26. Rxf7 1-0

[Event "Titled Tue 17th Jun Late"]
[Site "chess.com INT"]
[Date "2025.06.17"]
[Round "2"]
[White "Caprio, Guido"]
[Black "Vazelakis, Dimitrios"]
[Result "1-0"]
[WhiteTitle "IM"]
[WhiteElo "2435"]
[BlackElo "1857"]
[WhiteFideId "834580"]
[BlackFideId "4203674"]
[EventDate "2025.06.17"]

1. d4 e6 2. Nf3 f5 3. d5 Be7 4. Nc3 Nf6 5. dxe6 dxe6 6. Qxd8+ Bxd8 7. Bf4 a6 8.
O-O-O Nc6 9. Ne5 Nxe5 10. Bxe5 O-O 11. e3 Ng4 12. Bg3 e5 13. h3 f4 14. hxg4 fxg3
15. Bc4+ Kh8 16. f3 b5 17. Bd3 h6 18. Ne4 Be7 19. g5 Bf5 20. gxh6 gxh6 21. Rxh6+
Kg7 22. Rdh1 Rh8 23. Rxh8 Rxh8 24. Rxh8 Kxh8 25. Nxg3 Be6 26. a3 c5 27. Kd2 c4
28. Bf5 Bf7 29. Ne4 a5 30. g4 b4 31. axb4 axb4 32. c3 Kg7 33. g5 Bd5 34. f4 exf4
35. exf4 bxc3+ 36. bxc3 Bxe4 37. Bxe4 Bd6 38. Ke3 Bc5+ 39. Kf3 Ba3 40. f5 Bb2
41. f6+ Kf7 42. Bd5+ Kf8 43. g6 Bxc3 44. g7+ Ke8 45. g8=Q+ Kd7 46. Qe6+ Kc7 47.
f7 1-0

[Event "Titled Tue 17th Jun Late"]
[Site "chess.com INT"]
[Date "2025.06.17"]
[Round "2"]
[White "Khanbutaev, Artemii"]
[Black "Makridis, Dimitrios"]
[Result "0-1"]
[BlackTitle "FM"]
[WhiteElo "2139"]
[BlackElo "2283"]
[WhiteFideId "55747175"]
[BlackFideId "25864475"]
[EventDate "2025.06.17"]

1. d4 Nf6 2. c4 e6 3. g3 c5 4. d5 exd5 5. cxd5 g6 6. Nc3 d6 7. Bg2 Bg7 8. Nf3
O-O 9. O-O Bg4 10. h3 Bxf3 11. Bxf3 Re8 12. Kg2 Nbd7 13. e4 a6 14. a4 Rb8 15.
Bf4 Qe7 16. Re1 Ne5 17. Be2 h5 18. Bg5 Qc7 19. Rb1 c4 20. b4 b5 21. Be3 Nfd7 22.
Bd4 Nd3 23. Bxd3 Bxd4 24. Ne2 cxd3 25. Nxd4 Qc4 26. Nc6 Ra8 27. Rc1 Qa2 28. axb5
axb5 29. Qxd3 h4 30. g4 Ra3 31. Qxb5 Rg3+ 32. Kf1 Rxh3 33. Qe2 Rh1+ 34. Kg2 Qxe2
35. Rxe2 Rxc1 36. b5 Rb1 37. Nd4 Nc5 38. f3 Nb3 39. Nc6 Nc1 40. Re1 Rb2+ 41. Kh3
Nd3 42. Re3 Nf4+ 43. Kxh4 Rxb5 44. Kg3 Nxd5 45. Rd3 Ne7 46. Nxe7+ Rxe7 47. Rxd6
Kg7 48. g5 Rb8 49. Kf4 Reb7 50. Rf6 Rb6 51. e5 Rxf6+ 52. gxf6+ Kh6 53. Kg4 Rb4+
54. f4 g5 55. e6 Rxf4+ 56. Kg3 fxe6 57. f7 Rxf7 58. Kg4 Rf4+ 59. Kg3 e5 60. Kg2
e4 61. Kg3 e3 62. Kg2 e2 63. Kh2 e1=Q 64. Kg2 Qe2+ 65. Kh3 Qe3+ 66. Kg2 Rf2+ 67.
Kh1 Qe1# 0-1

[Event "Titled Tue 17th Jun Late"]
[Site "chess.com INT"]
[Date "2025.06.17"]
[Round "2"]
[White "Maglioni, Leonardo"]
[Black "Ferriz Barrios, Andres"]
[Result "1-0"]
[BlackTitle "FM"]
[WhiteElo "2069"]
[BlackElo "2102"]
[WhiteFideId "2896830"]
[BlackFideId "5104467"]
[EventDate "2025.06.17"]

1. d4 Nf6 2. Bf4 e6 3. e3 d5 4. Nf3 Bd6 5. Bg3 Nbd7 6. c3 O-O 7. Bd3 b6 8. Nbd2
Bb7 9. Qe2 Ne4 10. Ne5 f6 11. Nxd7 Qxd7 12. Bxd6 cxd6 13. f3 Nxd2 14. Qxd2 e5
15. O-O Rae8 16. a4 Bc6 17. a5 b5 18. a6 Qc7 19. b4 Qb6 20. Ra5 Re7 21. Kf2 f5
22. Re1 e4 23. Be2 g5 24. fxe4 dxe4 25. Kg1 f4 26. Rf1 Ref7 27. Ra2 Bd5 28. Ra5
fxe3 29. Qxe3 h6 30. Rxf7 Rxf7 31. Bxb5 Qc7 32. Be2 Bc4 33. Rc5 dxc5 34. Bxc4
cxb4 35. Bxf7+ Qxf7 36. cxb4 Qc4 37. Qxe4 Qxa6 38. h3 Qb6 39. Qd5+ Kg7 40. b5
Kf6 41. Kf2 Qe6 42. Qc6 Qxc6 43. bxc6 Ke6 44. d5+ Kd6 45. Ke3 h5 46. Kd4 g4 47.
hxg4 hxg4 48. Kc4 a5 49. Kb5 Kxd5 50. c7 1-0

[Event "Titled Tue 17th Jun Late"]
[Site "chess.com INT"]
[Date "2025.06.17"]
[Round "2"]
[White "Sarkar, Justin"]
[Black "Wanyama, Harold"]
[Result "0-1"]
[WhiteTitle "IM"]
[BlackTitle "FM"]
[WhiteElo "2284"]
[BlackElo "2143"]
[WhiteFideId "2010011"]
[BlackFideId "10000380"]
[EventDate "2025.06.17"]

1. e4 c5 2. Nf3 e6 3. d4 cxd4 4. Nxd4 Nc6 5. Nc3 Qc7 6. Ndb5 Qb8 7. Be3 a6 8.
Bb6 axb5 9. Nxb5 Bb4+ 10. c3 Ba5 11. Nc7+ Qxc7 12. Bxc7 Bxc7 13. Qg4 Kf8 14. Bb5
d5 15. exd5 exd5 16. Qf3 Nf6 17. O-O Be6 18. Rfe1 h5 19. a4 Rh6 20. h3 Ne4 21.
Rxe4 dxe4 22. Qxe4 Kg8 23. Bxc6 bxc6 24. Qxc6 Rc8 25. Qb7 Bf4 26. a5 Rd8 27. a6
Bd5 28. Qb4 g5 29. a7 Ba8 30. h4 Rg6 31. g3 Bd6 32. Qa5 Re8 33. hxg5 Kh7 34. Qb5
Re5 35. Qd7 Rf5 36. Qxf5 Kg7 37. Qc8 Rxg5 38. Qxa8 h4 39. Qc6 Rg6 40. a8=Q hxg3
41. fxg3 Bxg3 0-1

[Event "Titled Tue 17th Jun Late"]
[Site "chess.com INT"]
[Date "2025.06.17"]
[Round "2"]
[White "Petrenko, Maryna"]
[Black "Atoyan, Alberto"]
[Result "0-1"]
[WhiteTitle "WFM"]
[BlackTitle "CM"]
[WhiteElo "2062"]
[BlackElo "2266"]
[WhiteFideId "14197820"]
[BlackFideId "13314831"]
[EventDate "2025.06.17"]

1. d4 Nf6 2. c4 c5 3. d5 b5 4. cxb5 a6 5. bxa6 Bxa6 6. Nf3 g6 7. g3 Bg7 8. Bg2
d6 9. O-O O-O 10. Nc3 Nbd7 11. Rb1 Qb6 12. a3 Rfb8 13. Qc2 Ng4 14. Bg5 Kf8 15.
Qe4 Ngf6 16. Qc2 h6 17. Be3 Ng4 18. Bf4 Nge5 19. Nxe5 Nxe5 20. Rfe1 Kg8 21. h3
Qb3 22. Qc1 Kh7 23. Be4 Nc4 24. Bc2 Qb7 25. Bd3 Nxb2 26. Bxa6 Rxa6 27. Nd1 Rb6
28. Nxb2 Bxb2 29. Qe3 Bd4 30. Rxb6 Qxb6 31. Qxe7 Rb7 32. Qxd6 Qa5 33. Qc6 Qxe1+ 0-1

[Event "Titled Tue 17th Jun Late"]
[Site "chess.com INT"]
[Date "2025.06.17"]
[Round "2"]
[White "Karas, Eugenia"]
[Black "Kislinsky, Alexey"]
[Result "0-1"]
[WhiteTitle "WFM"]
[BlackTitle "GM"]
[WhiteElo "2124"]
[BlackElo "2341"]
[WhiteFideId "463485"]
[BlackFideId "14108801"]
[EventDate "2025.06.17"]

1. Nf3 d5 2. b3 Nf6 3. Bb2 e6 4. e3 Be7 5. Be2 O-O 6. O-O b6 7. d4 Bb7 8. Nbd2
Nbd7 9. c4 c5 10. cxd5 Nxd5 11. Nc4 Rc8 12. Nce5 cxd4 13. Nxd7 Qxd7 14. Bxd4 Nc3
15. Bxc3 Qxd1 16. Rfxd1 Rxc3 17. Nd4 a6 18. Bf3 Bxf3 19. Nxf3 Bf6 20. Rab1 Rfc8
21. g3 Rc2 22. a4 g5 23. Rd6 R8c6 24. Rxc6 Rxc6 25. b4 Kg7 26. Nd2 Be7 27. b5
axb5 28. axb5 Rc2 29. Nb3 Bf6 30. Nd4 Bxd4 31. exd4 Rc4 32. d5 exd5 33. Kf1 Kf6
34. Ke2 Ke5 35. Kd3 Ra4 36. Re1+ Kd6 37. Rc1 Ra3+ 38. Kd4 Ra4+ 39. Kd3 Ra2 40.
Rc6+ Ke5 41. Rxb6 Rxf2 42. h4 Rf3+ 43. Kd2 Rxg3 44. Rb8 gxh4 45. b6 Rb3 46. b7
Kf4 47. Kc2 Rb5 48. Kd3 h3 49. Rh8 Rxb7 50. Rxh7 Kg3 51. Rg7+ Kh2 52. Rh7 Rd7
53. Kd4 Kg2 54. Rg7+ Kf2 55. Rh7 Kg2 56. Rg7+ Kh1 57. Rh7 h2 58. Ke3 d4+ 59. Kf2
d3 60. Ke1 d2+ 61. Kd1 Rd3 62. Ke2 d1=Q+ 0-1

[Event "Titled Tue 17th Jun Late"]
[Site "chess.com INT"]
[Date "2025.06.17"]
[Round "2"]
[White "Moussard, Jules"]
[Black "Kiewra, Keaton"]
[Result "1-0"]
[WhiteTitle "GM"]
[BlackTitle "IM"]
[WhiteElo "2597"]
[BlackElo "2277"]
[WhiteFideId "642908"]
[BlackFideId "2019280"]
[EventDate "2025.06.17"]

1. e4 c5 2. d4 cxd4 3. Qxd4 Nc6 4. Qd3 Nf6 5. Nc3 g6 6. Nf3 Bg7 7. Be2 O-O 8.
O-O d6 9. Nd5 Nxd5 10. exd5 Bf5 11. Qd1 Nb4 12. c3 Nc2 13. g4 Nxa1 14. gxf5 Qa5
15. Bg5 Qxa2 16. Qxa1 Qxa1 17. Rxa1 gxf5 18. Bd3 e6 19. Nd4 Rfe8 20. Nb5 h6 21.
Be3 f4 22. Bxf4 e5 23. Be3 Red8 24. Rxa7 Rxa7 25. Bxa7 Bf8 26. Be3 Ra8 27. Kg2
Ra2 28. b4 Kg7 29. Kg3 Kf6 30. h4 Ra1 31. c4 Rg1+ 32. Kf3 Rh1 33. c5 dxc5 34.
bxc5 Rxh4 35. c6 bxc6 36. dxc6 1-0

[Event "Titled Tue 17th Jun Late"]
[Site "chess.com INT"]
[Date "2025.06.17"]
[Round "2"]
[White "Marchesich, Giovanni"]
[Black "Chiu, Isaac"]
[Result "1-0"]
[WhiteTitle "CM"]
[WhiteElo "2189"]
[BlackElo "2226"]
[WhiteFideId "2824790"]
[BlackFideId "30900654"]
[EventDate "2025.06.17"]

1. d4 Nf6 2. Nc3 d5 3. Bf4 g6 4. e3 Bg7 5. h4 h5 6. Nf3 O-O 7. Ne5 c5 8. dxc5
Qa5 9. Qd4 Na6 10. Bxa6 Qxa6 11. O-O-O Be6 12. Kb1 Rfc8 13. b4 Ne4 14. Nxe4 dxe4
15. Qb2 Qa4 16. Rd4 a5 17. b5 Bxe5 18. Bxe5 Bc4 19. c6 bxc6 20. b6 Re8 21. b7
Rab8 22. Rhd1 Rxb7 23. Qxb7 Qxa2+ 24. Kc1 Bd5 25. Qb2 1-0

[Event "Titled Tue 17th Jun Late"]
[Site "chess.com INT"]
[Date "2025.06.17"]
[Round "2"]
[White "Onur, Cigdem"]
[Black "Romanchuk, Viktor"]
[Result "0-1"]
[WhiteTitle "WCM"]
[BlackTitle "FM"]
[WhiteElo "1956"]
[BlackElo "2266"]
[WhiteFideId "6346030"]
[BlackFideId "14109271"]
[EventDate "2025.06.17"]

1. e4 e6 2. d4 d5 3. Nd2 dxe4 4. Nxe4 Nd7 5. Nf3 Ngf6 6. Bd3 c5 7. Bg5 cxd4 8.
Nxd4 Qa5+ 9. Bd2 Qe5 10. Nf3 Qxb2 11. O-O Be7 12. Rb1 Qxa2 13. Nc3 Qa5 14. Nb5
Qd8 15. Bf4 Nd5 16. Nd6+ Kf8 17. Bg3 Nc3 18. Qd2 Nxb1 19. Rxb1 Nc5 20. Nxf7 Kxf7
21. Ne5+ Kg8 22. Qc1 Nxd3 23. cxd3 a5 24. Qf4 Qf8 25. Qc4 a4 26. h3 a3 27. Rb6
Qf5 0-1

[Event "Titled Tue 17th Jun Late"]
[Site "chess.com INT"]
[Date "2025.06.17"]
[Round "2"]
[White "Ternault, Mathieu"]
[Black "Rustamov, Rustam"]
[Result "0-1"]
[WhiteTitle "FM"]
[BlackTitle "FM"]
[WhiteElo "2275"]
[BlackElo "2334"]
[WhiteFideId "20641532"]
[BlackFideId "13440110"]
[EventDate "2025.06.17"]

1. d4 Nf6 2. c4 e6 3. Nf3 d5 4. Nc3 a6 5. Bg5 dxc4 6. e4 b5 7. e5 h6 8. Bh4 g5
9. Nxg5 hxg5 10. Bxg5 Nbd7 11. Be2 Be7 12. exf6 Bxf6 13. Bxf6 Nxf6 14. Bf3 Nd5
15. Nxd5 exd5 16. Qe2+ Be6 17. Qe5 Rg8 18. O-O Qd6 19. Qf6 Qe7 20. Qf4 O-O-O 21.
Rfe1 Qg5 22. Qxg5 Rxg5 23. Re3 Kb7 24. b3 Kb6 25. Kf1 c5 26. Rd1 cxd4 27. Rxd4
Kc5 28. Rd1 d4 29. h4 Rf5 30. h5 c3 31. Red3 Rxf3 32. gxf3 b4 33. Ke1 Bf5 34.
Re3 dxe3 35. Rxd8 c2 36. fxe3 c1=Q+ 37. Ke2 Qc2+ 38. Ke1 Qxa2 39. e4 Qxb3 40.
exf5 Qe3+ 0-1

[Event "Titled Tue 17th Jun Late"]
[Site "chess.com INT"]
[Date "2025.06.17"]
[Round "2"]
[White "Grover, Sahaj"]
[Black "Zhang, Derek"]
[Result "1-0"]
[WhiteTitle "GM"]
[BlackTitle "CM"]
[WhiteElo "2465"]
[BlackElo "2162"]
[WhiteFideId "5021103"]
[BlackFideId "2087871"]
[EventDate "2025.06.17"]

1. e4 e6 2. d4 d5 3. Nc3 Bb4 4. exd5 exd5 5. Bd3 Ne7 6. Nf3 O-O 7. O-O Nbc6 8.
Re1 Bf5 9. a3 Bd6 10. Bxf5 Nxf5 11. Qd3 Nce7 12. Nxd5 Bxh2+ 13. Kxh2 Qxd5 14. c4
Qd6+ 15. Kg1 Rad8 16. d5 c6 17. g4 Nh6 18. Bxh6 gxh6 19. b4 b6 20. Qe3 Ng6 21.
Qxh6 Nf4 22. Qxd6 Rxd6 23. Re4 Ng6 24. dxc6 Rxc6 25. Rd1 Rfc8 26. Rdd4 a5 27.
Kh2 axb4 28. axb4 Kg7 29. Kg3 Kf6 30. Nh4 Nxh4 31. Kxh4 Kg7 32. Rf4 Rh6+ 33. Kg3
Rhc6 34. Rd7 R8c7 35. Rfxf7+ 1-0

[Event "Titled Tue 17th Jun Late"]
[Site "chess.com INT"]
[Date "2025.06.17"]
[Round "2"]
[White "Salinas Herrera, Pablo"]
[Black "Hartge, Gedeon"]
[Result "1-0"]
[WhiteTitle "GM"]
[BlackTitle "FM"]
[WhiteElo "2447"]
[BlackElo "2328"]
[WhiteFideId "3407128"]
[BlackFideId "12932116"]
[EventDate "2025.06.17"]

1. e4 Nf6 2. e5 Nd5 3. Nf3 d6 4. d4 dxe5 5. Nxe5 c6 6. Be2 Nd7 7. Nf3 g6 8. O-O
Bg7 9. c4 N5b6 10. Nc3 Nf6 11. h3 Bf5 12. b3 Ne4 13. Nxe4 Bxe4 14. Be3 O-O 15.
Qd2 c5 16. Rad1 cxd4 17. Nxd4 e5 18. Nb5 Qxd2 19. Rxd2 Bc6 20. Nxa7 Rxa7 21.
Bxb6 Raa8 22. a4 f5 23. Rfd1 e4 24. Bd4 Bh6 25. Rc2 f4 26. Bg4 Rae8 27. Bc3 f3
28. Rd6 e3 29. Be6+ Rxe6 30. Rxe6 fxg2 31. Rxc6 bxc6 32. Kxg2 c5 33. fxe3 Bxe3
34. a5 Rb8 35. Ra2 Rxb3 36. a6 Rb8 37. a7 Ra8 38. Be5 Bg5 39. Bd6 Be3 40. Kf3
Bd4 41. Ke4 Kf7 42. Kd5 g5 43. Kc6 Ke6 44. Re2+ Kf5 45. Kb7 Rxa7+ 46. Kxa7 h5
47. Kb7 g4 48. hxg4+ Kxg4 49. Kc6 Kf3 50. Rh2 Kg4 51. Bxc5 h4 52. Bxd4 1-0

[Event "Titled Tue 17th Jun Late"]
[Site "chess.com INT"]
[Date "2025.06.17"]
[Round "2"]
[White "Distaso, Antonio Pio"]
[Black "Stankovic, Boris"]
[Result "1-0"]
[BlackTitle "FM"]
[WhiteElo "2253"]
[BlackElo "2298"]
[WhiteFideId "805548"]
[BlackFideId "985317"]
[EventDate "2025.06.17"]

1. e4 c5 2. Nf3 Nc6 3. d4 cxd4 4. Nxd4 Nf6 5. Nc3 e6 6. Ndb5 Bb4 7. a3 Bxc3+ 8.
Nxc3 d5 9. exd5 exd5 10. Bd3 O-O 11. O-O d4 12. Ne2 Bg4 13. f3 Bh5 14. b4 a6 15.
Nf4 Bg6 16. Nxg6 hxg6 17. f4 Nd5 18. Qf3 Qd7 19. Bd2 Rae8 20. Rae1 Nc3 21. f5
Ne5 22. Rxe5 Rxe5 23. fxg6 Qd5 24. Bxc3 Qxf3 25. Rxf3 dxc3 26. gxf7+ Rxf7 27.
Bc4 Re7 28. Kf2 Kf8 29. Rxf7+ Rxf7+ 30. Bxf7 Kxf7 1-0

[Event "Titled Tue 17th Jun Late"]
[Site "chess.com INT"]
[Date "2025.06.17"]
[Round "2"]
[White "Kukushkin, Ivan"]
[Black "Nakara Husain"]
[Result "1-0"]
[WhiteTitle "CM"]
[WhiteElo "2008"]
[BlackElo "1713"]
[WhiteFideId "11634103"]
[BlackFideId "25636111"]
[EventDate "2025.06.17"]

1. e4 e5 2. Nc3 Nf6 3. Bc4 Nc6 4. d3 Bc5 5. Nge2 d6 6. O-O O-O 7. Na4 Bb6 8.
Nxb6 axb6 9. f4 d5 10. exd5 Nxd5 11. f5 Na5 12. Bxd5 Qxd5 13. f6 g6 14. Nc3 Qd4+
15. Kh1 Bf5 16. Bh6 Rfd8 17. h3 Qh4 18. Bg7 e4 19. Qd2 exd3 20. Rf4 Qh5 21. cxd3
Rxd3 22. Qf2 Bxh3 23. Rh4 Bxg2+ 24. Kxg2 Qg5+ 25. Kh1 Rd2 26. Ne4 Rxf2 27. Nxg5
h5 28. Re1 Rf5 29. Rhe4 Rxg5 30. Re8+ Rxe8 31. Rxe8+ Kh7 32. Rh8# 1-0

[Event "Titled Tue 17th Jun Late"]
[Site "chess.com INT"]
[Date "2025.06.17"]
[Round "2"]
[White "Fedunov, Danil"]
[Black "Wu, Derek"]
[Result "0-1"]
[BlackTitle "FM"]
[WhiteElo "1917"]
[BlackElo "2232"]
[WhiteFideId "2006413"]
[BlackFideId "30914558"]
[EventDate "2025.06.17"]

1. e4 c5 2. Nf3 Nc6 3. d4 cxd4 4. Nxd4 e6 5. Nc3 Qc7 6. Ndb5 Qb8 7. a3 a6 8. Nd4
Nf6 9. Be3 b5 10. Be2 Bb7 11. Qd2 Bd6 12. O-O-O Be5 13. Nxc6 Bxc6 14. Bc5 a5 15.
Bd6 Qxd6 16. Qxd6 Bxd6 17. Rxd6 b4 18. axb4 axb4 19. Nb1 Nxe4 20. Rd4 Nxf2 21.
Rf1 Ne4 22. Rxb4 Ke7 23. Bf3 f5 24. Re1 Ra1 25. Bxe4 Bxe4 26. Kd2 Rc8 27. Nc3
Rxe1 28. Kxe1 Bxg2 29. Kf2 Bc6 30. Rh4 h6 31. Ke3 e5 32. Rb4 g5 33. h4 f4+ 34.
Kf2 g4 35. h5 g3+ 36. Kg1 Ra8 0-1

[Event "Titled Tue 17th Jun Late"]
[Site "chess.com INT"]
[Date "2025.06.17"]
[Round "2"]
[White "Sahbudak, Baris Cinar"]
[Black "Ady, Jonathan J."]
[Result "1-0"]
[WhiteTitle "CM"]
[BlackTitle "FM"]
[WhiteElo "2072"]
[BlackElo "2355"]
[WhiteFideId "26351633"]
[BlackFideId "6000240"]
[EventDate "2025.06.17"]

1. e4 c5 2. Nc3 Nc6 3. f4 g6 4. Nf3 Bg7 5. Bb5 Nd4 6. Nxd4 cxd4 7. Ne2 Nf6 8.
Bd3 d5 9. e5 Ne4 10. Nxd4 Qb6 11. c3 f6 12. exf6 Bxf6 13. Bxe4 dxe4 14. Nc2 Bd7
15. d4 exd3 16. Qxd3 Bb5 17. Qe3 Qc6 18. Qf3 Bh4+ 19. Kd1 O-O-O+ 20. Nd4 Qxf3+
21. gxf3 g5 22. Kc2 Ba6 23. fxg5 e5 24. Ne6 Bd3+ 25. Kb3 Rd6 26. Nc5 Rb6+ 27.
Ka3 Be2 28. Be3 Bxf3 29. Rhf1 Bc6 30. Rad1 Rg8 31. b4 Bxg5 32. Bxg5 Rxg5 33.
Rf8+ Kc7 34. Ne6# 1-0

[Event "Titled Tue 17th Jun Late"]
[Site "chess.com INT"]
[Date "2025.06.17"]
[Round "2"]
[White "Cevizci, Yusuf Baran"]
[Black "Dubnevych, Maksym"]
[Result "0-1"]
[WhiteTitle "CM"]
[BlackTitle "FM"]
[WhiteElo "2062"]
[BlackElo "2296"]
[WhiteFideId "34565400"]
[BlackFideId "14184001"]
[EventDate "2025.06.17"]

1. e4 c5 2. c3 Nf6 3. e5 Nd5 4. Nf3 Nc6 5. d4 cxd4 6. cxd4 d6 7. Bc4 dxe5 8.
Bxd5 Qxd5 9. Nc3 Qd8 10. d5 Nb8 11. Nxe5 g6 12. Qf3 f6 13. Nd3 Bg7 14. O-O O-O
15. Re1 Bf5 16. Nc5 Nd7 17. Nxb7 Qb6 18. d6 e6 19. Be3 Qxb2 20. Na4 Qb4 21. Nbc5
Ne5 22. Qd1 Rad8 23. a3 Qb8 24. d7 Qb5 25. Qd6 Nxd7 26. Nxe6 Qxa4 27. Nxd8 Rxd8
28. Qe7 Rf8 29. Rad1 h5 30. Rd4 Qc6 31. Rc1 Qb5 32. a4 Qb7 33. Rcd1 Rf7 34. Qd8+
Nf8 35. Qa5 Bg4 36. f3 Be6 37. Rd6 Qb3 38. Qxa7 Rxa7 39. Bxa7 Qxa4 0-1